| 000 | 00329nam a22001337a 4500 | ||
|---|---|---|---|
| 020 | _a8122405169 | ||
| 082 |
_222 _a627.042 |
||
| 100 | _aLikhe, S. K. | ||
| 245 | _aHydraulics laboratory manual / | ||
| 250 | _aNA | ||
| 260 |
_aNew Delhi, _bNew Age International, _cc2006. |
||
| 300 |
_ax,95 p. ; _bill. ; _c23 cm. |
||
| 942 |
_2ddc _cCIVIL |
||
| 999 |
_c952 _d952 |
||